|
|
|
|
| LEADER |
00000nab a2200000 a 4500 |
| 001 |
vtls000496446 |
| 003 |
SK-MaSNL |
| 005 |
20260303003008.0 |
| 008 |
170412c1993 xo 0 slo |
| 015 |
|
|
|a SNBRB19rr/mm-uuuuu
|
| 035 |
|
|
|a CL0496584
|
| 040 |
|
|
|a SNKBUCL
|b slo
|c SNKBUCL
|e AACR2
|
| 041 |
0 |
|
|a slo
|
| 044 |
|
|
|a xo
|c SK
|
| 080 |
|
|
|a 796.966.071
|2 1981
|
| 100 |
1 |
|
|a Šťastný, Peter,
|d 1956-
|4 aut
|9 215202
|
| 245 |
1 |
0 |
|a Peter Veľký nič neľutuje
|b Peter Šťastný, najlepší Európan v histórii kanadsko-amerického hokeja
|c Peter Šťastný, Vojtech Jurkovič
|
| 300 |
|
|
|b Fotogr. 5
|
| 600 |
1 |
7 |
|a Šťastný, Peter,
|d 1956-
|2 snkbucl
|9 215202
|
| 655 |
|
7 |
|a články z novín a časopisov
|2 snkbucl
|9 267496
|
| 700 |
1 |
|
|a Jurkovič, Vojtech
|4 aut
|9 555660
|
| 773 |
0 |
|
|t M Report
|g Roč. 7, č. 38-39 (1993), s. 30-32
|
| 850 |
|
|
|a Slovenská národná knižnica v Martine
|a MTA001
|
| 852 |
|
|
|a SNK
|b KIS3GCP
|
| 958 |
|
|
|a CA
|
| 958 |
|
|
|a RK
|
| 992 |
|
|
|a RBX
|
| 999 |
|
|
|c 1570652
|d 1572582
|